[Event "TUR-chT 1st League"]
[Site "Konya"]
[Date "2019.07.28"]
[Round "9.8"]
[White "Baloglu, Dila"]
[Black "Keskin, Suara"]
[Result "1/2-1/2"]
[WhiteElo "1471"]
[BlackElo "1731"]
[PlyCount "93"]
[EventDate "2019.07.22"]
[EventType "team-swiss"]
[EventRounds "9"]
[EventCountry "TUR"]
[SourceTitle "CBM 191 Extra"]
[Source "ChessBase"]
[SourceDate "2019.09.30"]
[SourceVersion "1"]
[SourceVersionDate "2019.09.30"]
[SourceQuality "1"]
[WhiteTeam "Malatya Yesilyurt"]
[BlackTeam "Genc Akademisyenler"]
[WhiteTeamCountry "TUR"]
[BlackTeamCountry "TUR"]

1. d4 Nf6 2. Nf3 g6 3. g3 Bg7 4. Bg2 0-0 5. 0-0 d6 6. c4 Nbd7 7. Nc3 e5 8. e4 Re8 9. Re1 c6 10. dxe5 Nxe5 11. Nxe5 dxe5 12. Be3 Qc7 13. h3 Be6 14. c5 Red8 15. Qc2 Bc4 16. Rad1 h6 17. b3 Ba6 18. b4 Bc4 19. a4 b6 20. Rxd8+ Rxd8 21. Rd1 Bf8 22. cxb6 axb6 23. b5 Rxd1+ 24. Nxd1 cxb5 25. axb5 Ne8 26. Bf1 Bxf1 27. Qxc7 Nxc7 28. Kxf1 Nxb5 29. Bxb6 Nd6 30. Nc3 Nc4 31. Bc7 Bd6 32. Bxd6 Nxd6 33. Ke2 Kg7 34. Ke3 Kf6 35. Nd5+ Ke6 36. Nc7+ Kd7 37. Nd5 Nc4+ 38. Kd3 Nb2+ 39. Kc2 Na4 40. Kd3 Nc5+ 41. Ke3 Kd6 42. Nb6 Ke6 43. Nc4 f5 44. Nd2 Kf6 45. f4 exf4+ 46. Kxf4 Ke6 47. Ke3 1/2-1/2

[Event "TUR-chT 1st League"]
[Site "Konya"]
[Date "2019.07.24"]
[Round "4.5"]
[White "Keskin, Suara"]
[Black "Alexanian, Nelli"]
[Result "1/2-1/2"]
[WhiteElo "1731"]
[BlackElo "2008"]
[PlyCount "129"]
[EventDate "2019.07.22"]
[EventType "team-swiss"]
[EventRounds "9"]
[EventCountry "TUR"]
[SourceTitle "CBM 191 Extra"]
[Source "ChessBase"]
[SourceDate "2019.09.30"]
[SourceVersion "1"]
[SourceVersionDate "2019.09.30"]
[SourceQuality "1"]
[WhiteTeam "Genc Akademisyenler"]
[BlackTeam "Burdurspor Dernegi"]
[WhiteTeamCountry "TUR"]
[BlackTeamCountry "TUR"]

1. d4 Nf6 2. Nf3 c5 3. c3 b6 4. Bf4 Bb7 5. e3 e6 6. h3 Be7 7. Be2 Nc6 8. Nbd2 d5 9. 0-0 0-0 10. Ne5 Bd6 11. Ndf3 Ne7 12. Bh2 Ne4 13. Nd2 f6 14. Nxe4 dxe4 15. Nc4 Bxh2+ 16. Kxh2 b5 17. Na3 cxd4 18. Qxd4 Qc7+ 19. Kg1 a6 20. Rfd1 Rad8 21. Qb4 Nd5 22. Qxe4 Qe7 23. Bd3 g6 24. Qh4 Nxc3 25. bxc3 Qxa3 26. Qb4 Qxb4 27. cxb4 Rc8 28. Bf1 Bd5 29. Rd2 Rc6 30. f3 Rb8 31. Rad1 f5 32. Bd3 Kf7 33. e4 fxe4 34. fxe4 Bc4 35. Bb1 Rb7 36. Kf2 Ke7 37. Ke3 a5 38. bxa5 Ra6 39. Rd8 Kf6 40. R1d6 Rxa5 41. Kd4 Bxa2 42. e5+ Kg5 43. Be4 Ra4+ 44. Ke3 Ra3+ 45. Kf2 Rf7+ 46. Bf3 Kf4 47. Rd4+ Kxe5 48. Re4+ Kf5 49. h4 Bd5 50. g4+ Kf6 51. Rf4+ Kg7 52. Rxf7+ Kxf7 53. Bxd5 exd5 54. Rxd5 b4 55. Rb5 b3 56. Ke2 Ra2+ 57. Kd3 Rh2 58. Rb7+ Ke6 59. Rxh7 b2 60. Rb7 Kd5 61. h5 gxh5 62. gxh5 Kc6 63. Rb8 Rh3+ 64. Kc2 Rh2+ 65. Kb1 1/2-1/2

[Event "TUR-chT 2nd League"]
[Site "Konya"]
[Date "2017.07.19"]
[Round "4.1"]
[White "Keskin, Suara"]
[Black "Turkkan, Ece"]
[Result "1-0"]
[WhiteElo "1716"]
[BlackElo "1532"]
[PlyCount "69"]
[EventDate "2017.07.17"]
[EventType "team-swiss"]
[EventRounds "9"]
[EventCountry "TUR"]
[SourceTitle "CBM 179 Extra"]
[Source "ChessBase"]
[SourceDate "2017.08.23"]
[SourceVersion "1"]
[SourceVersionDate "2017.08.23"]
[SourceQuality "1"]
[WhiteTeam "Bulancak Ihsaniye Genclik"]
[BlackTeam "Istanbul Moda"]
[WhiteTeamCountry "TUR"]
[BlackTeamCountry "TUR"]

1. Nf3 Nf6 2. g3 d5 3. Bg2 c6 4. d3 e6 5. 0-0 Be7 6. Nbd2 Nbd7 7. e4 Qc7 8. c3 0-0 9. Qc2 b6 10. h3 Bb7 11. Re1 c5 12. e5 Ne8 13. Nf1 Rc8 14. N1h2 Qd8 15. Qa4 Nc7 16. Bf4 d4 17. cxd4 cxd4 18. Qxd4 Bc5 19. Qa4 Nd5 20. Bg5 Be7 21. Qg4 Kh8 22. h4 Nc5 23. d4 Nd3 24. Re2 Ba6 25. Bxe7 Qxe7 26. Rd2 Rc7 27. a3 Nc1 28. Rd1 Nd3 29. Rab1 Rfc8 30. Bf1 Nxf2 31. Kxf2 Rc2+ 32. Rd2 Rxd2+ 33. Nxd2 Rc2 34. Qd1 Qc7 35. Bxa6 1-0

[Event "TUR-chT 2nd League"]
[Site "Konya"]
[Date "2017.07.18"]
[Round "2.4"]
[White "Keskin, Suara"]
[Black "Gemrekoglu, Nadin"]
[Result "1-0"]
[WhiteElo "1716"]
[BlackElo "1644"]
[PlyCount "65"]
[EventDate "2017.07.17"]
[EventType "team-swiss"]
[EventRounds "9"]
[EventCountry "TUR"]
[SourceTitle "CBM 179 Extra"]
[Source "ChessBase"]
[SourceDate "2017.08.23"]
[SourceVersion "1"]
[SourceVersionDate "2017.08.23"]
[SourceQuality "1"]
[WhiteTeam "Bulancak Ihsaniye Genclik"]
[BlackTeam "Istanbul Sisli"]
[WhiteTeamCountry "TUR"]
[BlackTeamCountry "TUR"]

1. d4 d5 2. Nf3 Nf6 3. Bf4 e6 4. e3 c5 5. c3 Nc6 6. Nbd2 Bd6 7. Bg3 0-0 8. Bd3 b6 9. 0-0 Bb7 10. Ne5 Ne7 11. Bh4 Ng6 12. Nxg6 hxg6 13. f4 Qc7 14. Qf3 Rfe8 15. Rae1 Be7 16. Qh3 Ne4 17. Nf3 Bxh4 18. Qxh4 f6 19. Qg4 Qf7 20. Nh4 Kh7 21. Rf3 f5 22. Qh3 Rh8 23. Bxe4 dxe4 24. Rg3 Kg8 25. Rg5 Rh5 26. Qg3 Rxg5 27. Qxg5 Bd5 28. dxc5 bxc5 29. b3 c4 30. Rb1 Rc8 31. b4 Qe8 32. Z0 Kf7 33. Rf1 1-0

[Event "TUR-chT 2nd League"]
[Site "Konya"]
[Date "2017.07.17"]
[Round "1.4"]
[White "Demir, Zuhal"]
[Black "Keskin, Suara"]
[Result "0-1"]
[WhiteElo "1727"]
[BlackElo "1716"]
[PlyCount "76"]
[EventDate "2017.07.17"]
[EventType "team-swiss"]
[EventRounds "9"]
[EventCountry "TUR"]
[SourceTitle "CBM 179 Extra"]
[Source "ChessBase"]
[SourceDate "2017.08.23"]
[SourceVersion "1"]
[SourceVersionDate "2017.08.23"]
[SourceQuality "1"]
[WhiteTeam "Adamlari Amator"]
[BlackTeam "Bulancak Ihsaniye Genclik"]
[WhiteTeamCountry "TUR"]
[BlackTeamCountry "TUR"]

1. e4 d6 2. d4 Nf6 3. Nc3 g6 4. Nf3 Bg7 5. Be3 0-0 6. Qd2 Ng4 7. h3 Nxe3 8. fxe3 Nd7 9. 0-0-0 c5 10. Bc4 Nb6 11. Qe2 Nxc4 12. Qxc4 Be6 13. d5 Bd7 14. Rhf1 Qa5 15. e5 b5 16. Qh4 f6 17. e6 b4 18. exd7 bxc3 19. bxc3 Qxc3 20. Qe1 Qa3+ 21. Kd2 Qxa2 22. Ke2 Qxc2+ 23. Rd2 Qc4+ 24. Kf2 Qb5 25. Kg1 Qxd7 26. Nh4 a5 27. Qg3 a4 28. Nxg6 hxg6 29. Qxg6 Qe8 30. Qg4 Kh7 31. Qh4+ Bh6 32. Qe4+ Qg6 33. Qxe7+ Rf7 34. Qe6 f5 35. Rd3 Rg7 36. Qxf5 Qxf5 37. Rxf5 a3 38. Rf1 a2 0-1

[Event "Wch U16 Girls"]
[Site "Durban"]
[Date "2014.09.25"]
[Round "7"]
[White "Fesselier, Melissa"]
[Black "Keskin, Suara"]
[Result "1-0"]
[WhiteElo "1966"]
[BlackElo "1674"]
[PlyCount "61"]
[EventDate "2014.09.20"]
[EventType "swiss"]
[EventRounds "11"]
[EventCountry "RSA"]
[SourceTitle "CBM 162 Extra"]
[Source "ChessBase"]
[SourceDate "2014.10.17"]
[SourceVersion "1"]
[SourceVersionDate "2014.10.17"]
[SourceQuality "1"]

1. e4 d6 2. d4 g6 3. Nc3 Bg7 4. Nf3 Nc6 5. Be3 Nf6 6. h3 0-0 7. Qd2 e5 8. 0-0-0 exd4 9. Nxd4 Nxd4 10. Bxd4 Be6 11. g4 a6 12. f3 b5 13. h4 c5 14. Be3 Qa5 15. Kb1 Rfd8 16. Bg5 b4 17. Nd5 Bxd5 18. exd5 Re8 19. h5 Re5 20. Bc4 Rae8 21. Bf4 R5e7 22. Bxd6 Rd7 23. Qh2 Qb6 24. Bf4 g5 25. Bxg5 Nxd5 26. Bxd5 Re5 27. h6 Bh8 28. Bc4 Rxd1+ 29. Rxd1 Rxg5 30. Qf4 Qf6 31. Rd8+ 1-0

[Event "Wch U16 Girls"]
[Site "Durban"]
[Date "2014.09.23"]
[Round "5"]
[White "Keskin, Suara"]
[Black "Marx, Inge"]
[Result "1/2-1/2"]
[WhiteElo "1674"]
[BlackElo "1488"]
[PlyCount "97"]
[EventDate "2014.09.20"]
[EventType "swiss"]
[EventRounds "11"]
[EventCountry "RSA"]
[SourceTitle "CBM 162 Extra"]
[Source "ChessBase"]
[SourceDate "2014.10.17"]
[SourceVersion "1"]
[SourceVersionDate "2014.10.17"]
[SourceQuality "1"]

1. e4 c5 2. c3 Nc6 3. Nf3 g6 4. Bc4 Bg7 5. d4 cxd4 6. cxd4 Qb6 7. e5 Nh6 8. Nc3 Nf5 9. Nd5 Qd8 10. g4 Nh6 11. Bg5 Nxg4 12. Qd2 f6 13. exf6 Nxf6 14. Bxf6 Bxf6 15. Qf4 d6 16. 0-0 Bf5 17. Nxf6+ exf6 18. Rfe1+ Ne7 19. Be6 Bxe6 20. Rxe6 0-0 21. Rxf6 Nf5 22. Rxf8+ Qxf8 23. Qe4 Qe7 24. Qd5+ Qf7 25. Qxf7+ Kxf7 26. Rc1 Re8 27. Rc7+ Re7 28. Ng5+ Kg7 29. Rxe7+ Nxe7 30. Ne4 Nf5 31. d5 h6 32. Kf1 Kf7 33. Ke2 Ke7 34. Kd3 h5 35. Ng3 Nxg3 36. fxg3 Kf6 37. Ke4 Kg5 38. h3 h4 39. g4 Kf6 40. Kf4 g5+ 41. Ke4 Kg6 42. a4 a6 43. a5 Kf6 44. b3 Kg6 45. b4 Kf6 46. Kd4 Ke7 47. Kc4 Kf6 48. Kd4 Ke7 49. Kc4 1/2-1/2

[Event "Wch U16 Girls"]
[Site "Durban"]
[Date "2014.09.21"]
[Round "2"]
[White "Moyo, Phumuzile"]
[Black "Keskin, Suara"]
[Result "0-1"]
[WhiteElo "1370"]
[BlackElo "1674"]
[PlyCount "70"]
[EventDate "2014.09.20"]
[EventType "swiss"]
[EventRounds "11"]
[EventCountry "RSA"]
[SourceTitle "CBM 162 Extra"]
[Source "ChessBase"]
[SourceDate "2014.10.17"]
[SourceVersion "1"]
[SourceVersionDate "2014.10.17"]
[SourceQuality "1"]

1. e4 d6 2. Nf3 Nf6 3. Nc3 g6 4. d4 Bg7 5. Be3 0-0 6. Bd3 Nc6 7. a3 e5 8. d5 Ne7 9. Ne2 Ng4 10. Qd2 Nxe3 11. Qxe3 f5 12. Nd2 f4 13. Qf3 g5 14. Qh5 Rf6 15. Nf3 Rh6 16. Qxg5 Rg6 17. Qh5 Bg4 18. Qh4 Bf6 19. Ng5 Rxg5 20. f3 Bd7 21. Qf2 Qe8 22. h4 Rh5 23. g4 fxg3 24. Qxg3+ Ng6 25. 0-0-0 Bxh4 26. Rxh4 Rxh4 27. Rg1 Kh8 28. Qg5 Qe7 29. Qg3 Rf8 30. f4 Rg4 31. Qh2 Rxg1+ 32. Qxg1 Nxf4 33. Nxf4 exf4 34. Qxa7 Qg5 35. b3 f3+ 0-1

[Event "Wch U16 Girls"]
[Site "Durban"]
[Date "2014.09.20"]
[Round "1"]
[White "Keskin, Suara"]
[Black "Ghukasyan, Siranush"]
[Result "0-1"]
[WhiteElo "1674"]
[BlackElo "2155"]
[PlyCount "88"]
[EventDate "2014.09.20"]
[EventType "swiss"]
[EventRounds "11"]
[EventCountry "RSA"]
[SourceTitle "CBM 162 Extra"]
[Source "ChessBase"]
[SourceDate "2014.10.17"]
[SourceVersion "1"]
[SourceVersionDate "2014.10.17"]
[SourceQuality "1"]

1. d4 d5 2. Bf4 Nf6 3. c3 e6 4. Nf3 c5 5. Nbd2 b6 6. e3 Be7 7. Bd3 Bb7 8. b3 0-0 9. Qc2 Nbd7 10. 0-0 Rc8 11. Qb2 Ne4 12. c4 f5 13. Ne5 Bf6 14. Ndf3 g5 15. Nxd7 Qxd7 16. Be5 g4 17. Bxe4 dxe4 18. dxc5 exf3 19. Bxf6 fxg2 20. Rfd1 Qf7 21. Be5 bxc5 22. Rd6 Bf3 23. Rc1 Rfd8 24. Rc2 Rxd6 25. Bxd6 Qg7 26. Be5 Rd8 27. Rc1 Qd7 28. Qa1 Qd3 29. Re1 h5 30. Bc7 Rd7 31. Ba5 Rg7 32. Qf6 Qd7 33. Bc3 Rh7 34. Be5 h4 35. Qg6+ Kf8 36. Bd6+ Qxd6 37. Qxh7 Qd2 38. Qh8+ Kf7 39. Qa1 Kg6 40. Qc1 Qd7 41. Qc2 g3 42. hxg3 hxg3 43. fxg3 Qh7 44. Kf2 g1Q+ 0-1

[Event "TUR-chT"]
[Site "Kocaeli"]
[Date "2014.08.27"]
[Round "11.6"]
[White "Keskin, Suara"]
[Black "Vatansever, Buse"]
[Result "1-0"]
[WhiteElo "1674"]
[BlackElo "1686"]
[PlyCount "93"]
[EventDate "2014.08.18"]
[EventType "team-tourn"]
[EventRounds "13"]
[EventCountry "TUR"]
[SourceTitle "CBM 162 Extra"]
[Source "ChessBase"]
[SourceDate "2014.10.17"]
[SourceVersion "1"]
[SourceVersionDate "2014.10.17"]
[SourceQuality "1"]
[WhiteTeam "Hatay Buyuksehir"]
[BlackTeam "Denizsu Aquamatch"]
[WhiteTeamCountry "TUR"]
[BlackTeamCountry "TUR"]

1. e4 c6 2. Ne2 d5 3. e5 Bf5 4. d4 e6 5. Ng3 Bg6 6. h4 h6 7. h5 Bh7 8. Bd3 Bxd3 9. Qxd3 Qb6 10. c3 c5 11. Nd2 Nc6 12. Nf3 cxd4 13. cxd4 Nb4 14. Qb3 Qa6 15. Ne2 Nd3+ 16. Kf1 Bb4 17. Bd2 Bxd2 18. Nxd2 Rc8 19. a4 Rc6 20. g3 Ne7 21. Ra3 Nc1 22. Qb5 Nxe2 23. Kxe2 0-0 24. Qxa6 bxa6 25. Rc3 Rb6 26. b3 Nf5 27. Kd3 Rb4 28. Nf3 Rfb8 29. g4 Ne7 30. Nd2 R8b6 31. Rhc1 Kf8 32. Rc7 Rb7 33. R1c5 Ke8 34. Kc3 Kd8 35. Rxb7 Rxb7 36. b4 Nc8 37. Nb3 Rb6 38. a5 Rb7 39. Rc6 Ne7 40. Rxa6 Rc7+ 41. Nc5 Nc6 42. f4 Kc8 43. b5 Nb8 44. Rd6 a6 45. Kb4 axb5 46. Kxb5 Ra7 47. Kb6 1-0

[Event "TUR-chT"]
[Site "Kocaeli"]
[Date "2014.08.26"]
[Round "9.10"]
[White "Keskin, Suara"]
[Black "Ozbay, Ece"]
[Result "1/2-1/2"]
[WhiteElo "1674"]
[BlackElo "1611"]
[PlyCount "140"]
[EventDate "2014.08.18"]
[EventType "team-tourn"]
[EventRounds "13"]
[EventCountry "TUR"]
[SourceTitle "CBM 162 Extra"]
[Source "ChessBase"]
[SourceDate "2014.10.17"]
[SourceVersion "1"]
[SourceVersionDate "2014.10.17"]
[SourceQuality "1"]
[WhiteTeam "Hatay Buyuksehir"]
[BlackTeam "TS Alyans"]
[WhiteTeamCountry "TUR"]
[BlackTeamCountry "TUR"]

1. d4 d5 2. Bf4 Nf6 3. e3 c5 4. Nf3 Nc6 5. c3 Qb6 6. Qb3 c4 7. Qc2 Bf5 8. Qc1 e6 9. Nbd2 Be7 10. Be2 0-0 11. h3 h6 12. 0-0 Qd8 13. Ne5 Nxe5 14. dxe5 Ne4 15. Nxe4 Bxe4 16. f3 Bg6 17. Rd1 Qc7 18. Kh1 b5 19. a4 a6 20. g4 Qc6 21. Rg1 bxa4 22. Qe1 Rab8 23. Ra2 Qb5 24. Bd1 a3 25. bxa3 Qb1 26. Rag2 Bxa3 27. h4 Rb2 28. Rxb2 Bxb2 29. h5 Bh7 30. g5 hxg5 31. Bxg5 Qf5 32. Qg3 Bxc3 33. Bc2 Qxc2 34. Be7 g6 35. hxg6 fxg6 36. Bxf8 Kxf8 37. Qh4 Qf5 38. Qxh7 Qxf3+ 39. Rg2 Qh5+ 40. Qxh5 gxh5 41. Rc2 Bxe5 42. Ra2 Ke7 43. Rxa6 c3 44. Rc6 Kd7 45. Rc5 Kd6 46. Rc8 d4 47. exd4 Bxd4 48. Kg2 e5 49. Kf3 Kd5 50. Ke2 e4 51. Rd8+ Kc4 52. Re8 Kb3 53. Rb8+ Kc2 54. Rb4 Bc5 55. Rxe4 Kb2 56. Rc4 Be7 57. Kf3 c2 58. Rxc2+ Kxc2 59. Kg2 Kd2 60. Kh1 Ke2 61. Kg2 h4 62. Kh1 Kf1 63. Kh2 Bd6+ 64. Kh1 Bc5 65. Kh2 Bf2 66. Kh1 Ke2 67. Kg2 Bg3 68. Kh1 Kf3 69. Kg1 h3 70. Kh1 h2 1/2-1/2

[Event "EU-ch U16 Girls 23rd"]
[Site "Budva"]
[Date "2013.10.06"]
[Round "7"]
[White "Keskin, Suara"]
[Black "Vidic, Teja"]
[Result "0-1"]
[WhiteElo "1721"]
[BlackElo "1894"]
[PlyCount "60"]
[EventDate "2013.09.29"]
[EventType "swiss"]
[EventRounds "9"]
[EventCountry "MNE"]
[SourceTitle "EXT 2014"]
[Source "ChessBase"]
[SourceDate "2013.11.20"]
[SourceVersion "1"]
[SourceVersionDate "2013.11.20"]
[SourceQuality "1"]

1. d4 f5 2. Nf3 Nf6 3. Bf4 g6 4. e3 Bg7 5. c4 d6 6. Nc3 0-0 7. Be2 e6 8. h3 Nbd7 9. g4 Qe7 10. gxf5 exf5 11. Qb3 Kh8 12. 0-0-0 Nb6 13. Rdg1 Ne4 14. Nxe4 fxe4 15. Nd2 Bxd4 16. Bg5 Bf6 17. Bxf6+ Rxf6 18. Qc3 Bf5 19. h4 Re8 20. h5 Qe5 21. Qc2 d5 22. c5 Nd7 23. Nb3 c6 24. Nd4 b6 25. b4 Rb8 26. Rg5 bxc5 27. bxc5 Qe7 28. hxg6 Bxg6 29. Bh5 Rxf2 30. Qxf2 Qxg5 0-1

[Event "EU-ch U16 Girls 23rd"]
[Site "Budva"]
[Date "2013.10.05"]
[Round "6"]
[White "Terbe, Julianna"]
[Black "Keskin, Suara"]
[Result "1-0"]
[WhiteElo "2017"]
[BlackElo "1721"]
[PlyCount "89"]
[EventDate "2013.09.29"]
[EventType "swiss"]
[EventRounds "9"]
[EventCountry "MNE"]
[SourceTitle "EXT 2014"]
[Source "ChessBase"]
[SourceDate "2013.11.20"]
[SourceVersion "1"]
[SourceVersionDate "2013.11.20"]
[SourceQuality "1"]

1. e4 e6 2. d4 b6 3. Nc3 Bb7 4. Nf3 h6 5. Bd3 Bb4 6. 0-0 Bxc3 7. bxc3 Nf6 8. e5 Ne4 9. Qe1 Ng5 10. Nxg5 hxg5 11. Be4 Nc6 12. Qe3 Qe7 13. Qxg5 Rb8 14. Bf3 d6 15. Qxe7+ Kxe7 16. exd6+ cxd6 17. Re1 Rh7 18. Bf4 Rbh8 19. Rad1 f6 20. Bxc6 Bxc6 21. d5 Bd7 22. dxe6 Bb5 23. Bxd6+ Ke8 24. Rd4 g6 25. Red1 Rh4 26. Bb4 Rxd4 27. cxd4 Bc4 28. e7 Rh5 29. a4 Bd5 30. f3 Bc6 31. a5 bxa5 32. Bc5 a4 33. Rb1 Kf7 34. c4 Rh8 35. d5 Bd7 36. Bd6 Rc8 37. c5 Bf5 38. Rb7 a6 39. Rb2 Bd3 40. Rd2 Bc4 41. c6 a5 42. Ba3 f5 43. d6 f4 44. d7 Rb8 45. e8Q+ 1-0

[Event "EU-ch U16 Girls 23rd"]
[Site "Budva"]
[Date "2013.10.02"]
[Round "4"]
[White "Vincent, Ayla"]
[Black "Keskin, Suara"]
[Result "0-1"]
[WhiteElo "1546"]
[BlackElo "1721"]
[PlyCount "42"]
[EventDate "2013.09.29"]
[EventType "swiss"]
[EventRounds "9"]
[EventCountry "MNE"]
[SourceTitle "EXT 2014"]
[Source "ChessBase"]
[SourceDate "2013.11.20"]
[SourceVersion "1"]
[SourceVersionDate "2013.11.20"]
[SourceQuality "1"]

1. e4 d6 2. d4 g6 3. Nc3 Bg7 4. Be3 Nf6 5. f3 Nbd7 6. Qd2 c6 7. Nge2 Qc7 8. g4 e5 9. Bh6 0-0 10. h4 Nb6 11. b3 exd4 12. Nxd4 Bxh6 13. Qxh6 d5 14. 0-0-0 dxe4 15. g5 Qf4+ 16. Kb1 exf3 17. Bh3 Bxh3 18. Rxh3 Ng4 19. Rxf3 Qb8 20. Qxf8+ Qxf8 21. Ne6 Qe7 0-1

[Event "EU-ch U16 Girls 23rd"]
[Site "Budva"]
[Date "2013.09.30"]
[Round "2"]
[White "Nicolas Zapata, Irene"]
[Black "Keskin, Suara"]
[Result "1/2-1/2"]
[WhiteElo "2236"]
[BlackElo "1721"]
[PlyCount "80"]
[EventDate "2013.09.29"]
[EventType "swiss"]
[EventRounds "9"]
[EventCountry "MNE"]
[SourceTitle "EXT 2014"]
[Source "ChessBase"]
[SourceDate "2013.11.20"]
[SourceVersion "1"]
[SourceVersionDate "2013.11.20"]
[SourceQuality "1"]

1. e4 c5 2. Nc3 e6 3. g3 Nc6 4. Bg2 Nf6 5. f4 d6 6. d3 Be7 7. Nf3 Nd4 8. 0-0 h5 9. e5 Nxf3+ 10. Qxf3 dxe5 11. fxe5 Qd4+ 12. Kh1 Qxe5 13. Bf4 Qf5 14. Nb5 0-0 15. Nc7 Rb8 16. Nd5 exd5 17. Bxb8 Qxf3 18. Bxf3 a6 19. Be5 Ng4 20. Rfe1 Be6 21. h3 Nxe5 22. Rxe5 Bf6 23. Re2 Bxh3 24. Rae1 Be6 25. Bxh5 b5 26. c3 d4 27. cxd4 Bd5+ 28. Kh2 g6 29. Bg4 Bxd4 30. b3 Bc3 31. Rf1 Kg7 32. Bf3 Be6 33. Kg2 Rd8 34. Rd1 Bf5 35. Be4 Bg4 36. Bf3 Bf5 37. Be4 Bg4 38. Bf3 Bf5 39. Be4 Bg4 40. Bf3 Bf5 1/2-1/2

[Event "Wch U14 Girls"]
[Site "Maribor"]
[Date "2012.11.12"]
[Round "6.30"]
[White "Keskin, Suara"]
[Black "Virkud, Apurva"]
[Result "0-1"]
[WhiteElo "1745"]
[BlackElo "1872"]
[PlyCount "78"]
[EventDate "2012.11.08"]
[EventType "swiss"]
[EventRounds "11"]
[EventCountry "SLO"]
[SourceTitle "EXT 2013"]
[Source "ChessBase"]
[SourceDate "2012.11.22"]
[SourceVersion "1"]
[SourceVersionDate "2012.11.22"]
[SourceQuality "1"]

1. d4 d5 2. Nf3 Nf6 3. Bf4 e6 4. e3 c5 5. c3 Nc6 6. Nbd2 Be7 7. Be2 0-0 8. h3 Nd7 9. Qc2 Re8 10. Bd3 Nf8 11. b3 Bf6 12. 0-0 Bd7 13. Bd6 cxd4 14. exd4 Ng6 15. Rfe1 Rc8 16. Qb2 Qb6 17. Be5 Ncxe5 18. dxe5 Be7 19. Bxg6 hxg6 20. Nd4 Rc7 21. N2f3 Rec8 22. Re3 a6 23. Qd2 Qa7 24. Rc1 b5 25. Rc2 a5 26. Qd3 b4 27. cxb4 Rxc2 28. Nxc2 axb4 29. Re2 Rc3 30. Qd4 Qxa2 31. Nxb4 Rc1+ 32. Re1 Rxe1+ 33. Nxe1 Qxb3 34. Nbd3 Bb5 35. Qb6 Qb1 36. Qb7 Bxd3 37. Qxe7 Qxe1+ 38. Kh2 Qxe5+ 39. g3 Qf6 0-1

[Event "World ol U16 11th"]
[Site "Istanbul"]
[Date "2012.09.05"]
[Round "10.19"]
[White "Mutlu, Beste"]
[Black "Keskin, Suara"]
[Result "1/2-1/2"]
[WhiteElo "1646"]
[BlackElo "1751"]
[PlyCount "56"]
[EventDate "2012.08.29"]
[EventType "team-swiss"]
[EventRounds "10"]
[EventCountry "TUR"]
[SourceTitle "CBM 150 Extra"]
[Source "ChessBase"]
[SourceDate "2012.10.19"]
[SourceVersion "1"]
[SourceVersionDate "2012.10.19"]
[SourceQuality "1"]
[WhiteTeam "Turkey White U16 Girls"]
[BlackTeam "Turkey Red Girls (U16)"]
[WhiteTeamCountry "TUR"]
[BlackTeamCountry "TUR"]

1. e4 d6 2. d4 g6 3. Nf3 Bg7 4. Nc3 Bg4 5. Be2 Bxf3 6. Bxf3 Nc6 7. Be3 e5 8. d5 Nce7 9. Be2 f5 10. f3 Nf6 11. Qd2 f4 12. Bf2 a6 13. Na4 Qd7 14. b3 0-0 15. c4 b6 16. Nc3 Rfb8 17. Rc1 g5 18. b4 a5 19. a3 axb4 20. axb4 h5 21. c5 bxc5 22. bxc5 g4 23. c6 Qe8 24. Nb5 Rc8 25. Na7 Rcb8 26. Nb5 Rc8 27. Na7 Rcb8 28. Nb5 Rc8 1/2-1/2

[Event "TUR-chT"]
[Site "Konya"]
[Date "2012.07.18"]
[Round "9"]
[White "Vatansever, Buse"]
[Black "Keskin, Suara"]
[Result "1-0"]
[WhiteElo "1615"]
[BlackElo "1718"]
[PlyCount "69"]
[EventDate "2012.07.11"]
[EventType "team-tourn"]
[EventRounds "13"]
[EventCountry "TUR"]
[SourceTitle "CBM 149 Extra"]
[Source "ChessBase"]
[SourceDate "2012.08.24"]
[SourceVersion "1"]
[SourceVersionDate "2012.08.24"]
[SourceQuality "1"]
[WhiteTeam "Mersin Ezgi"]
[BlackTeam "Ceyhan Belediye"]
[WhiteTeamCountry "TUR"]
[BlackTeamCountry "TUR"]

1. e4 d6 2. d4 g6 3. Nc3 Bg7 4. f4 Nc6 5. Be3 e5 6. dxe5 dxe5 7. Qxd8+ Kxd8 8. 0-0-0+ Bd7 9. Bc4 Nh6 10. Nf3 Ng4 11. Bc5 exf4 12. Bxf7 Kc8 13. Ne2 b6 14. Bg1 Nce5 15. Bb3 Rf8 16. Bd4 Bh8 17. Nxe5 Bxe5 18. Bxe5 Nxe5 19. Rdf1 g5 20. h4 Bg4 21. Nd4 h6 22. hxg5 hxg5 23. Be6+ Bxe6 24. Nxe6 Rg8 25. Rh5 Nf7 26. Rh7 Nd6 27. Nxc7 Rb8 28. Nd5 Kd8 29. e5 Rb7 30. Rfh1 Rxh7 31. Rxh7 Nf5 32. Rxa7 Nh6 33. Ra8+ Kd7 34. Nf6+ Ke6 35. Nxg8 1-0

[Event "TUR-chT"]
[Site "Konya"]
[Date "2012.07.16"]
[Round "7"]
[White "Patel, Yesim"]
[Black "Keskin, Suara"]
[Result "1/2-1/2"]
[WhiteElo "1857"]
[BlackElo "1718"]
[PlyCount "195"]
[EventDate "2012.07.11"]
[EventType "team-tourn"]
[EventRounds "13"]
[EventCountry "TUR"]
[SourceTitle "CBM 149 Extra"]
[Source "ChessBase"]
[SourceDate "2012.08.24"]
[SourceVersion "1"]
[SourceVersionDate "2012.08.24"]
[SourceQuality "1"]
[WhiteTeam "Adana Truva"]
[BlackTeam "Ceyhan Belediye"]
[WhiteTeamCountry "TUR"]
[BlackTeamCountry "TUR"]

1. e4 c5 2. Nf3 d6 3. d4 cxd4 4. Nxd4 Nf6 5. f3 g6 6. Be3 Bg7 7. Qd2 0-0 8. Nc3 Nc6 9. Bc4 Bd7 10. 0-0-0 Rb8 11. Bb3 Na5 12. Bh6 Bxh6 13. Qxh6 b5 14. h4 e5 15. Nde2 Nxb3+ 16. cxb3 Qa5 17. Kb1 Qc7 18. h5 Be6 19. Ng3 Qe7 20. Qg5 Rb6 21. Qh4 Re8 22. Rd2 Nxh5 23. Qxe7 Rxe7 24. Nxh5 gxh5 25. Rxh5 f6 26. g4 Rg7 27. Rh6 Rg6 28. Rh1 Rg7 29. Rhd1 Rd7 30. Nd5 Bxd5 31. Rxd5 a6 32. Rc1 Kg7 33. a4 bxa4 34. bxa4 Rdb7 35. Rc2 Rb4 36. a5 Ra4 37. Rc6 Rab4 38. Rd2 Rb3 39. Rxa6 Rxf3 40. Raxd6 Rb4 41. R6d3 Rf1+ 42. Rd1 Rf2 43. R3d2 Rf4 44. a6 Ra4 45. Rd7+ Kg6 46. a7 Rfxe4 47. b3 Ra6 48. R1d6 Ra5 49. Rb6 Re2 50. Rb8 Re1+ 51. Kb2 Rea1 52. Rbb7 Kg5 53. Rg7+ Kf4 54. Rbf7 Ra6 55. g5 f5 56. b4 R6a2+ 57. Kc3 e4 58. Re7 e3 59. Rxh7 e2 60. a8Q Rxa8 61. Rxe2 Kxg5 62. Rg2+ Kf4 63. Rf7 Rc8+ 64. Kb2 Rf1 65. Rc2 Rb8 66. Rc4+ Ke5 67. Rd7 Rf3 68. Kc2 Ra8 69. Rc3 Rf4 70. Kb3 Rb8 71. Rc4 Rf1 72. Rdd4 Re1 73. Kc2 Ra8 74. Kb2 Re2+ 75. Kb1 Rh8 76. Rd7 Ke6 77. Rdc7 Rh1+ 78. Rc1 Rh4 79. R7c4 Rhh2 80. Rc6+ Kd7 81. Rc7+ Ke8 82. Rc8+ Kf7 83. R8c7+ Kg6 84. R7c2 f4 85. Rxe2 Rxe2 86. b5 Re5 87. Rc6+ Kf5 88. b6 f3 89. Kc2 f2 90. Rc8 Ke4 91. Rf8 Ke3 92. b7 Rc5+ 93. Kd1 Rb5 94. Re8+ Kf3 95. Rf8+ Ke3 96. Re8+ Kd4 97. Ke2 Rb2+ 98. Kf1 1/2-1/2